| 000 | 02400nam a22003017a 4500 | ||
|---|---|---|---|
| 003 | OSt | ||
| 005 | 20240516032140.0 | ||
| 008 | 240509b ||||| |||| 00| 0 eng d | ||
| 040 |
_bEnglish. _cCvSU-CCAT Campus Library. _erda. |
||
| 050 |
_aUM QA 76.9.N38 _bG3 2016 |
||
| 100 |
_aGa, Gezon M., author. _912605 |
||
| 245 |
_aDevelopment Of English-Cebuano Dialect Translator with voice recognition / _cGezon M. Ga, Jerlyn A. Turno, and Mary Jessica P. Yago. |
||
| 260 |
_aRosario, Cavite : _bCavite State University-CCAT Campus, _c2016. |
||
| 300 |
_axiii, 56 leaves : _billustrations ; _c28 cm |
||
| 500 | _aA Design Project (BSInfoTech) -- Cavite State University-CCAT Campus, 2016. | ||
| 504 | _aIncludes bibliographical references and appendices. | ||
| 520 | _aGA, GEZON M.,TURNO,JERLYN A. AND YAGO. MARY JESSICA P. Development of English-Cebuano Dialect Translator with Voice Recognition. Project Design. Bachelor of Science in Information Technology, Cavite State University-Rosario Campus, Rosario, Cavite. April 2016. Adviser: Mr. Christopher G. Estonilo. The study was conducted develop a mobile application that can translate English words to Cebuano using voice recognition. Specially the study aimed to: 1) design he interface. 2) evaluate and test the svstem: and implement the application in Andro1d devices. Fifty participants composed of Cebuanos, students and IT experts tested and evaluated the application. Based on the evaluation criteria used, the mobile application gathered a total of 82.7/100. Which indicates that the application can be an effective communication tool. The system allows translation of Cebuanos, Tagalog and English words and phrases and vice versa. It is primarily developed for Filipinos who have interest in learn the Cebuano dialect and for foreign people who visit or migrate in our country and encounter difficulties in using the language. | ||
| 650 |
_aMobile apps. _9257 |
||
| 650 |
_aVoice recognition. _912794 |
||
| 650 |
_aDialect translator. _912795 |
||
| 650 |
_aDialect (English-Cebuano). _912796 |
||
| 700 |
_aTurno, Jerlyn A., author. _912606 |
||
| 700 |
_aYago, Mary Jessica P., author. _912607 |
||
| 700 |
_aEstonilo, Christopher G., adviser. _95822 |
||
| 700 |
_aGelera, Aries M., technical critic. _911817 |
||
| 942 |
_2lcc _cT/M/D _kUM _hQA 76.9.N38 G3 2016 |
||
| 999 |
_c3441 _d3441 |
||